|
|
|
|
| LEADER |
00000cas a2200000 a 4500 |
| 001 |
vtls008886661 |
| 003 |
SK-MaSNL |
| 005 |
20260228162321.0 |
| 008 |
061129d20062016xo mr|p 0 b0slo |
| 022 |
|
|
|a 1337-0278
|
| 035 |
|
|
|a (SVKBB03)vtls000312446
|
| 040 |
|
|
|a SNK
|b slo
|c SNK
|d SVKBB
|d SAVUK
|d SNK
|e AACR2
|
| 041 |
0 |
|
|a slo
|
| 044 |
|
|
|a slo
|c SK
|
| 072 |
|
7 |
|a 79
|x Rekreácia. Voľný čas. Zábavy. Hry. Šport
|2 konspekt
|
| 080 |
|
|
|a (051.055.2)
|2 2001
|
| 080 |
|
|
|a 050
|2 2001
|
| 080 |
|
|
|a 379.8(051)
|2 2001
|
| 210 |
0 |
|
|a La Femme
|
| 222 |
|
3 |
|a La Femme
|
| 245 |
0 |
3 |
|a La Femme
|
| 260 |
|
|
|a Bratislava
|b Starpress
|c 2006-2016
|
| 260 |
2 |
|
|3 10/2008-2016
|a Bratislava
|b STAR production
|
| 300 |
|
|
|a 12 zv.
|c 23 - 29 cm
|
| 310 |
|
|
|a 1x mesačne
|
| 362 |
0 |
|
|a Č. 0 (2006)-roč. 10, č. 7/8 (2016)
|
| 500 |
|
|
|a Časopis vychádza v dvoch formátových vydaniach: 29x22 cm ; 23x18 cm
|
| 500 |
|
|
|a Podnázvy: váš prvý mesačník do kabelky (malé vydanie) ; už aj vo veľkosti XXL (veľké vydanie) ; jednoducho sexy ; časopis do každej kabelky
|
| 500 |
|
|
|a Šéfredaktor: 2008-2/2012, Radomír Brhlík ; 3/2012-1/2013, Zuzana Greizingerová ; 2/2013-3/2014, Jana Čachanová ; 4/2014-9/2015, Daniela Vidová ; 10/2015-7/8/2016, Petra Ficová
|
| 500 |
|
|
|a Evidenčné číslo: EV 3062/09
|
| 500 |
|
|
|a V r. 2013 je uvedený roč. VI, správne má byť VII ; v r. 2014 je od č. 1/2014-9/2014 uvedený roč.VI, správne má byť VIII, od č. 10/2014 je uvedený roč. VIII
|
| 525 |
|
|
|a Prílohy: Fashion news, L'homme
|
| 650 |
0 |
7 |
|a voľný čas
|2 SNKPH
|9 3355
|
| 655 |
|
7 |
|a časopisy pre ženy
|2 SNKPH
|9 70785
|
| 655 |
|
7 |
|a časopisy pre voľný čas
|2 SNKPH
|9 70337
|
| 700 |
1 |
|
|a Brhlík, Radomír
|4 pbd
|9 270778
|
| 700 |
1 |
|
|a Greizingerová, Zuzana
|4 pbd
|9 270779
|
| 700 |
1 |
|
|a Čachanová, Jana
|4 pbd
|9 265642
|
| 700 |
1 |
|
|a Vidová, Daniela
|4 pbd
|9 267788
|
| 700 |
1 |
|
|a Ficová, Petra,
|d 1985-
|4 pbd
|9 121244
|
| 770 |
0 |
|
|t Fashion news
|
| 770 |
0 |
|
|t L'homme
|
| 852 |
|
|
|a Štátna vedecká knižnica v Banskej Bystrici
|
| 910 |
|
|
|a snk
|
| 910 |
|
|
|a savuk
|
| 916 |
|
|
|a 2008-2016
|
| 999 |
|
|
|c 7541
|d 9471
|
| 952 |
|
|
|0 0
|1 0
|4 0
|7 0
|8 0
|a SNK
|b SNK
|d 2016-10-06
|f 1
|i snk2016/23277
|l 0
|o snkČSC 2483/2008/2009
|p 17A1203130
|r 2026-02-21 22:10:16
|t č. 1-12/1, neúplné + 3 príl.
|w 2026-02-21
|y PREZ
|z Chýba č. 1,2,3,4 ; Príl. L'homme v č. 5,10,11
|
| 952 |
|
|
|0 0
|1 0
|4 0
|7 0
|8 0
|a SNK
|b SNK
|d 2016-10-06
|i snk2016/23278
|l 0
|o snkČSC 2483/2008/2009 D1
|p 17A1203131
|r 2026-02-21 22:10:16
|t č. 1-12/1, neúplné + 2 príl.
|w 2026-02-21
|y PREZ
|z Chýba č. 1,2,3,4 ; Príl. L'homme v č. 5,11
|
| 952 |
|
|
|0 0
|1 0
|4 0
|7 0
|8 0
|a SNK
|b SNK
|d 2016-10-06
|f 1
|i snk2016/23281
|l 0
|o snkČSC 2483/2009/1
|p 17A1203132
|r 2026-02-21 22:10:16
|t č. 2-7 + 1 príl.
|w 2026-02-21
|y PREZ
|z Príl.: L'homme v č. 7
|
| 952 |
|
|
|0 0
|1 0
|4 0
|7 0
|8 0
|a SNK
|b SNK
|d 2016-10-06
|f 1
|i snk2016/23284
|l 0
|o snkČSC 2483/2009/2
|p 17A1203133
|r 2026-02-21 22:10:16
|t č. 8-13
|w 2026-02-21
|y PREZ
|
| 952 |
|
|
|0 0
|1 0
|4 0
|7 0
|8 0
|a SNK
|b SNK
|d 2016-10-06
|f 1
|i snk2016/23332
|l 0
|o snkČSC 2483/2012
|p 17A1203140
|r 2026-02-21 22:10:17
|t č. 1-12 + Špeciál Vianoce
|w 2026-02-21
|y PREZ
|
| 952 |
|
|
|0 0
|1 0
|4 0
|7 0
|8 0
|a SNK
|b SNK
|d 2016-10-06
|i snk2016/23333
|l 0
|o snkČSC 2483/2012 D1
|p 17A1203141
|r 2026-02-21 22:10:17
|t č. 1-12 + Špeciál Vianoce
|w 2026-02-21
|y PREZ
|
| 952 |
|
|
|0 0
|1 0
|4 0
|7 0
|8 0
|a SNK
|b SNK
|d 2016-10-06
|f 1
|i snk2016/23339
|l 0
|o snkČSC 2483/7[6]/2013
|p 17A1203142
|r 2026-02-21 22:10:17
|t č. 1-12
|w 2026-02-21
|y PREZ
|z č. 7-8 Letný špeciál ; č.9-10 Jesenné číslo ; č. 12 Vianoce 2013
|
| 952 |
|
|
|0 0
|1 0
|4 0
|7 0
|8 0
|a SNK
|b SNK
|d 2016-10-07
|i snk2016/23408
|l 0
|o snkČSC 2483/7[6]/2013 D1
|p 17A1203143
|r 2026-02-21 22:10:17
|t č. 1-12, neúplné
|w 2026-02-21
|y PREZ
|z Chýba č. 7,8 - Letný špeciál
|
| 952 |
|
|
|0 0
|1 0
|4 0
|7 0
|8 0
|a SNK
|b SNK
|d 2016-10-07
|f 1
|i snk2016/23429
|l 0
|o snkČSC 2483/8[6]/2014
|p 17A1203144
|r 2026-02-21 22:10:17
|t č. 1-12, neúplné
|w 2026-02-21
|y PREZ
|z Chýba č. 1
|
| 952 |
|
|
|0 0
|1 0
|4 0
|7 0
|8 0
|a SNK
|b SNK
|d 2016-10-07
|i snk2016/23435
|l 0
|o snkČSC 2483/8[6]/2014 D1
|p 17A1203145
|r 2026-02-21 22:10:17
|t č. 1-12, neúplné
|w 2026-02-21
|y PREZ
|z Chýba č. 1
|
| 952 |
|
|
|0 0
|1 0
|4 0
|7 0
|8 0
|a SNK
|b SNK
|d 2016-10-07
|f 1
|i snk2016/23439
|l 0
|o snkČSC 2483/9/2015
|p 17A1203146
|r 2026-02-21 22:10:17
|t č. 1-12
|w 2026-02-21
|y PREZ
|
| 952 |
|
|
|0 0
|1 0
|4 0
|7 0
|8 0
|a SNK
|b SNK
|d 2016-10-07
|i snk2016/23447
|l 0
|o snkČSC 2483/9/2015 D1
|p 17A1203147
|r 2026-02-21 22:10:17
|t č. 1-12
|w 2026-02-21
|y PREZ
|
| 952 |
|
|
|0 0
|1 0
|4 0
|7 0
|8 0
|a SNK
|b SNK
|d 2016-10-06
|i snk2016/23290
|l 0
|o snkČSC 2483/2009/1 D1
|p 17A1203134
|r 2026-02-21 22:10:18
|t č. 2-5
|w 2026-02-21
|y PREZ
|
| 952 |
|
|
|0 0
|1 0
|4 0
|7 0
|8 0
|a SNK
|b SNK
|d 2016-10-06
|i snk2016/23292
|l 0
|o snkČSC 2483/2009/2 D1
|p 17A1203135
|r 2026-02-21 22:10:18
|t č. 6-13, neúplné + 1 príl.
|w 2026-02-21
|y PREZ
|z Chýba č. 6 ; Príl.: L'homme v č. 7
|
| 952 |
|
|
|0 0
|1 0
|4 0
|7 0
|8 0
|a SNK
|b SNK
|d 2016-10-06
|f 1
|i snk2016/23299
|l 0
|o snkČSC 2483/2010/2011
|p 17A1203136
|r 2026-02-21 22:10:18
|t č. 1-12/1
|w 2026-02-21
|y PREZ
|z V rámci ročníka je číslo december 2010 a číslo dec. 2010/jan. 2011
|
| 952 |
|
|
|0 0
|1 0
|4 0
|7 0
|8 0
|a SNK
|b SNK
|d 2016-10-06
|i snk2016/23302
|l 0
|o snkČSC 2483/2010/2011 D1
|p 17A1203137
|r 2026-02-21 22:10:18
|t č. 1-12/1, neúplné
|w 2026-02-21
|y PREZ
|z Chýba č. 3 ; V rámci ročníka je číslo december 2010 a číslo dec. 2010/jan. 2011
|
| 952 |
|
|
|0 0
|1 0
|4 0
|7 0
|8 0
|a SNK
|b SNK
|d 2016-10-06
|f 1
|i snk2016/23323
|l 0
|o snkČSC 2483/2011
|p 17A1203138
|r 2026-02-21 22:10:18
|t č. 2-12 + sviatočné číslo
|w 2026-02-21
|y PREZ
|
| 952 |
|
|
|0 0
|1 0
|4 0
|7 0
|8 0
|a SNK
|b SNK
|d 2016-10-06
|i snk2016/23326
|l 0
|o snkČSC 2483/2011 D1
|p 17A1203139
|r 2026-02-21 22:10:18
|t č. 2-12 + sviatočné číslo
|w 2026-02-21
|y PREZ
|
| 952 |
|
|
|0 0
|1 0
|4 0
|7 0
|8 0
|a SNK
|b SNK
|d 2017-12-19
|f 1
|i snk2017/28115
|l 0
|o snkČSC 2483/10/2016
|p 17A1266460
|r 2026-02-21 22:19:17
|t č. 1-8
|w 2026-02-21
|y PREZ
|
| 952 |
|
|
|0 0
|1 0
|4 0
|7 0
|8 0
|a SNK
|b SNK
|d 2017-12-19
|i snk2017/28123
|l 0
|o snkČSC 2483/10/2016 D1
|p 17A1266459
|r 2026-02-21 22:19:17
|t č. 1-8
|w 2026-02-21
|y PREZ
|